header

Negotiating responsibility (Record no. 20798)

MARC details
000 -LEADER
fixed length control field 01475nam a22003854a 4500
082 04 - DEWEY DECIMAL CLASSIFICATION NUMBER
Classification number 345.71/04
100 1# - MAIN ENTRY--AUTHOR NAME
Personal name White, Kimberley,
245 10 - TITLE STATEMENT
Title Negotiating responsibility
260 ## - PUBLICATION, DISTRIBUTION, ETC. (IMPRINT)
Place of publication Vancouver :
Name of publisher UBC Press,
Year of publication c2008.
300 ## - PHYSICAL DESCRIPTION
Number of Pages xvii, 177 p.
490 1# - SERIES STATEMENT
Series statement Law and society series
650 #0 - SUBJECT ADDED ENTRY--TOPICAL TERM
Topical Term Murder
Topical Term Criminal liability
Topical Term Insanity (Law)
Topical Term Forensic psychiatry
Topical Term Trials (Murder)
856 40 - ELECTRONIC LOCATION AND ACCESS
Uniform Resource Identifier http://site.ebrary.com/lib/rucke/Doc?id=10275473

No items available.

© 2026 Rongo University
Contact us: librarian | system librarian | Rongo university